000 00296nam a22001337a 4500
008 170425b xxu||||| |||| 00| 0 eng d
020 _a9780138419332
041 _aeng
080 _22ND
_a547
100 _a12
101 _aSHM
245 _aORGANIC CHEMISTRY
_cOUELLETTE, R.J
942 _2udc
_cBK
999 _c11894
_d11894